000
00286nam a2200121Ia 4500
005
20251222140044.0
008
251222s1900||||xx |||||||||||||| ||spa||
082
_a
109/G24
100
_a
García Venturini, Jorge
245
0
_a
Filosofía de la Historia.
264
_b
Gredos
942
_c
LIB
999
_c
3389
_d
3389